000
00282nam a2200109Ia 4500
008
220204s9999 xx 000 0 und d
082
_a
541.12.038
_b
JOH
100
_a
Johnston, David
245
0
_a
Chemistry and the environment
260
_a
Philadelphia
_b
Saunders
_c
1973
942
_c
BK
999
_c
26444
_d
26444